000 00897nam a2200253 i 4500
001 bg
111 2 _aIWA Specialized Conference
_d(2005 ;
_cKraków).
245 1 0 _aNutrient management in wastewater treatment processes and recycle streams :
_bIWA Specialized Conference, Kraków, Poland, 19-21 September 2005 : the conference proceedings.
260 _aKraków :
_bLemtech Konsulting,
_c[2005].
300 _a[12], 1480 s. :
_bil. ;
_c25 cm.
504 _aBibliogr. przy ref.
650 9 _aOczyszczalnia ścieków
650 9 _aŚcieki
_xgospodarka
655 _aMateriały konferencyjne
015 _aPB 14500/2006
020 _a8392114019
040 _cBPK
041 _apol
080 _a628.32(061)
920 _a83-921140-1-9
942 _cKS
008 s pl f |000 0 pol
999 _c53243
_d53243
856 _uhttp://koha.tu.koszalin.pl/cgi-bin/koha/opac-detail.pl?biblionumber=53243
_yKatalog online BPK